000 00724nam a22002537a 4500
001 44922
003 UA-OsUOA
005 20210103225321.0
007 ta
008 20070319b un ||||| |||| 00| 0 ukr d
020 _a966-524-135-4
040 _aUA-OsUOA
_bukr
_cUA-OsUOA
_dUA-OsUOA
041 _aukr
080 _a821.161.2
090 _a821.161.2
_bВ46
100 _aВільде І.
245 _aСестри Річинські
_bроман
_nкн. 1
260 _aК.
_bУкраїна
_c2004
300 _a696 с.
650 7 _a82 Література. Літературознавство
_2UDC
942 _cBK
_2udc
955 _a3
999 _c331032
_d331032